[Event "URS-ch sf"]
[Site "Moscow"]
[Date "1988.??.??"]
[Round "8"]
[White "Baikov, Vladimir A"]
[Black "Muratov, Vladimir A"]
[Result "0-1"]
[WhiteElo "2375"]
[BlackElo "2215"]

1.d4 Nf6 2.c4 g6 3.Nc3 Bg7 4.e4 d6 5.Nf3 O-O 6.Be2 e5 7.O-O Nc6 8.d5 Nb4
9.a3 Na6 10.Nd2 c5 11.Rb1 Ne8 12.b4 f5 13.Qc2 f4 14.bxc5 dxc5 15.Bb2 h5 16.Nd1 Nb8
17.Bc3 Nd6 18.Nb2 Nd7 19.Nd3 Qe7 20.a4 b6 21.Kh1 Ba6 22.Ba1 Rae8 23.Rbe1 Qf7
24.a5 g5 25.axb6 axb6 26.Qa4 g4 27.f3 Ra8 28.fxg4 Bxc4 29.Qc6 Bxd3 30.Bxd3 Qe7
31.Nc4 Nxc4 32.Bxc4 Kh7 33.gxh5 Nf6 34.Qxb6 Rfb8 35.Qc6 Rc8 36.Qe6 Qxe6 37.dxe6 Nxh5
38.Rd1 Kg6 39.Bb5 Rh8 40.Kg1 Kf6 41.g4 Kxe6 42.gxh5 Rxh5 43.Rf2 Bf6 44.Bc4+ Ke7
45.Rb2 Ra7 46.Rb6 Bh4 47.Re6+ Kf8 48.Bxe5  0-1

[Event "URS-chT"]
[Site "Naberezhnie Chelni"]
[Date "1988.??.??"]
[Round "?"]
[White "Karpman, Vadim"]
[Black "Lanka, Zigurds"]
[Result "1/2-1/2"]
[WhiteElo "2490"]
[BlackElo "2420"]

1.d4 Nf6 2.c4 g6 3.Nc3 Bg7 4.e4 d6 5.Be2 O-O 6.Nf3 e5 7.O-O Nc6 8.d5 Ne7
9.b4 Nh5 10.c5 Nf4 11.Bxf4 exf4 12.Rc1 h6 13.Nd4 Be5 14.Ncb5 Kh8 15.h3 a6
16.Na3 f5 17.Bf3 dxc5 18.bxc5  1/2-1/2

[Event "Naestved op"]
[Site "Naestved"]
[Date "1988.??.??"]
[Round "?"]
[White "Frederiksen, Henrik"]
[Black "Olsen, Nils Linde"]
[Result "0-1"]
[WhiteElo "1935"]
[BlackElo "2125"]

1.d4 Nf6 2.Nf3 g6 3.c4 Bg7 4.Nc3 O-O 5.e4 d6 6.Be2 e5 7.O-O Nc6 8.d5 Ne7
9.Ne1 Nd7 10.Nd3 f5 11.f3 f4 12.Bd2 g5 13.Rc1 Ng6 14.b4 Rf7 15.c5 Nf6 16.cxd6 cxd6
17.Nf2 h5 18.a4 Bf8 19.a5 Rg7 20.Nb5 Nh4 21.h3 a6 22.Na3 g4 23.fxg4 Qe8 24.Nc2 Qg6
25.Ne1 hxg4 26.Bxg4 Bxg4 27.Nxg4 Nxe4 28.Nf3 Nf5 29.Rc4 Neg3 30.Re1 Re7 31.Bc3 Rae8
32.Nd2 Bg7 33.Qa1 Qf7 34.Rce4 Qxd5 35.Kh2 Qf7 36.Qd1 Nh6 37.Nxh6+ Bxh6 38.Qg4+ Bg7
39.Rc4 Qf5 40.Qd1 Qg6 41.Nf3 Nf5 42.Qd5+ Qf7 43.Qxf7+ Kxf7 44.Bd2 Bf6 45.Ng1 Rg8
46.Rec1 Nh4 47.Rc7 Rxg2+  0-1

[Event "SWE-ch"]
[Site "Norrkoeping"]
[Date "1988.??.??"]
[Round "?"]
[White "Wessman, Richard"]
[Black "Hartman, Christer"]
[Result "1/2-1/2"]
[WhiteElo "2285"]
[BlackElo "2310"]

1.d4 Nf6 2.c4 g6 3.Nc3 Bg7 4.e4 d6 5.Be2 O-O 6.Nf3 e5 7.O-O Nc6 8.Be3 Re8
9.dxe5 dxe5 10.h3 h6  1/2-1/2

[Event "Novi Sad op"]
[Site "Novi Sad"]
[Date "1988.??.??"]
[Round "2"]
[White "Orlov, Georgi"]
[Black "Bokan, Danko"]
[Result "1-0"]
[WhiteElo "2415"]
[BlackElo "2245"]

1.d4 Nf6 2.c4 g6 3.Nc3 Bg7 4.e4 d6 5.Nf3 O-O 6.Be2 e5 7.O-O Nc6 8.d5 Ne7
9.Nd2 c5 10.Rb1 a5 11.a3 Ne8 12.b4 b6 13.bxc5 bxc5 14.Qb3 Bh6 15.Qb6 Qxb6
16.Rxb6 f5 17.Nf3 Bxc1 18.Rxc1 Kg7 19.Rcb1 Ra7 20.Nb5 Rd7 21.Ng5 Rd8 22.Rb8 Nf6
23.Nc7 Nxe4 24.Nge6+ Kf7 25.Nxf8 Rxf8 26.R1b6 Rd8 27.Nb5 Nf6 28.Nxd6+ Kg7
29.Nb7 Re8 30.Nxc5  1-0

[Event "Novi Sad op"]
[Site "Novi Sad"]
[Date "1988.??.??"]
[Round "5"]
[White "Lerner, Konstantin Z"]
[Black "Fercec, Nenad"]
[Result "1-0"]
[WhiteElo "2515"]
[BlackElo "2350"]

1.Nf3 Nf6 2.c4 g6 3.Nc3 Bg7 4.e4 d6 5.d4 O-O 6.Be2 e5 7.O-O Nc6 8.d5 Ne7
9.Nd2 Nd7 10.b4 f5 11.f3 f4 12.c5 Nf6 13.Nc4 g5 14.a4 Ng6 15.Ba3 Ne8 16.a5 Rf7
17.b5 b6 18.cxb6 cxb6 19.Bb2 Rb8 20.axb6 axb6 21.Na2 Bd7 22.Nd2 Nc7 23.Nb4 Rb7
24.Nc6 Qe8 25.Ra3 Bf8 26.Qc2 Rg7 27.Rfa1 Nh4 28.Qd1 Qh5 29.Kh1 Rg6 30.Ra7 Rh6
31.Qg1 Rxa7 32.Rxa7 g4 33.Rxc7 gxf3 34.Nxf3 Bg4 35.Nb4  1-0

[Event "Paris-ch"]
[Site "Paris"]
[Date "1988.??.??"]
[Round "3"]
[White "Pergericht, Daniel"]
[Black "Blees, Albert"]
[Result "1-0"]
[WhiteElo "2325"]
[BlackElo "2390"]

1.d4 Nf6 2.c4 g6 3.Nc3 Bg7 4.e4 d6 5.Nf3 O-O 6.Be2 e5 7.O-O Nc6 8.d5 Ne7
9.Nd2 a5 10.a3 Nd7 11.Rb1 f5 12.b4 b6 13.Kh1 Kh8 14.Bb2 Ng8 15.exf5 gxf5
16.Nb5 Ne7 17.Nf3 Ng6 18.Re1 Nf6 19.Kg1 h6 20.c5 axb4 21.cxd6 cxd6 22.axb4 Bb7
23.Bc4 Qd7 24.Nc3 Rfc8 25.Bb3 Qf7 26.Qd2 Rg8 27.Rbd1 Rae8 28.Ba4 Re7 29.Bc6 Bc8
30.b5 e4 31.Nd4 Ne5 32.Nce2 Nd3 33.Nf4 Nxb2 34.Qxb2 Nh5 35.Qd2 Nxf4 36.Qxf4 Qh5
37.Qxd6 Qg5 38.Qg3 Qf6 39.Qf4 h5 40.Qe3 f4 41.Qa3 Qg6 42.Ne6 e3 43.fxe3 Be5
44.Qa2 f3 45.Nf4 Qf5 46.d6 Reg7 47.Bxf3 Bxf4 48.exf4 Qxf4 49.Qf2 Bh3 50.Re2 Rf8
51.Kh1 Bg4 52.Bxg4  1-0

[Event "Paris-ch"]
[Site "Paris"]
[Date "1988.??.??"]
[Round "7"]
[White "Flear, Glenn C"]
[Black "Sellos, Didier"]
[Result "1/2-1/2"]
[WhiteElo "2460"]
[BlackElo "2360"]

1.d4 Nf6 2.c4 g6 3.Nc3 Bg7 4.e4 d6 5.Be2 O-O 6.Nf3 e5 7.O-O Nc6 8.d5 Ne7
9.Nd2 c5 10.Rb1 Ne8 11.b4 b6 12.bxc5 bxc5 13.Nb3 f5 14.Bg5 h6 15.Bxe7 Qxe7
16.Na5 h5 17.Nc6 Qg5 18.exf5 Bxf5 19.Rb7 e4 20.Qc1 Qf6 21.Nd1 Rf7 22.Rxf7 Qxf7
23.Qf4 Kh7 24.Ne3 Bh6 25.Qh4 Ng7 26.g4 hxg4 27.Bxg4 Rf8 28.Rb1 g5 29.Bxf5+ Qxf5
30.Nxf5 gxh4 31.Nxh4 e3 32.fxe3 Bxe3+ 33.Kg2 Rf4 34.Kh3 Bf2 35.Ng2 Rxc4 36.Rf1 Rc2
37.Nxa7 Rxa2 38.Nb5 Ne8 39.Nf4 Rb2 40.Nc3 Bd4 41.Ne4 Kh6 42.Ne6 Be5 43.Rf8 Rxh2+
44.Kg4 Ng7 45.Rh8+ Kg6 46.Rxh2 Bxh2 47.N6xc5  1/2-1/2

[Event "Pau op"]
[Site "Pau"]
[Date "1988.??.??"]
[Round "6"]
[White "Graf, Juergen"]
[Black "Sahovic, Dragutin"]
[Result "1-0"]
[WhiteElo "2405"]
[BlackElo "2460"]

1.d4 Nf6 2.c4 g6 3.Nc3 Bg7 4.e4 d6 5.Nf3 O-O 6.Be2 e5 7.O-O Nc6 8.d5 Ne7
9.Nd2 Ne8 10.b4 f5 11.c5 Nf6 12.f3 f4 13.Nc4 g5 14.a4 Ng6 15.Ba3 Rf7 16.b5 Bf8
17.a5 dxc5 18.b6 cxb6 19.axb6 g4 20.fxg4 axb6 21.Rb1 Bd7 22.Bc1 b5 23.Nxb5 Nxe4
24.Qc2 Bxb5 25.Rxb5 Nd6 26.Nxd6 Bxd6 27.Bd3 Rg7 28.Be4 Nf8 29.Bd2 Qd7 30.Rb6 Qc7
31.Rfb1 Ra7 32.h3 c4 33.Kh1 Nd7 34.R6b5 b6 35.Bf5 Nf8 36.Rxb6 Qc5 37.Rc6 Qa3
38.Bc1 Qg3 39.Bb2 Rgb7 40.Rxd6 Ra2 41.Be6+ Nxe6 42.Qf5 Nf8 43.Rd8 Rf7 44.Qg5+ Rg7
45.Rxf8+  1-0

[Event "Porz"]
[Site "Porz"]
[Date "1988.??.??"]
[Round "?"]
[White "Lutz, Christopher"]
[Black "Fedorowicz, John P"]
[Result "1-0"]
[WhiteElo "2380"]
[BlackElo "2520"]

1.d4 Nf6 2.c4 g6 3.Nc3 Bg7 4.e4 d6 5.Nf3 O-O 6.Be2 e5 7.O-O Nc6 8.d5 Ne7
9.Ne1 Nd7 10.Nd3 f5 11.Bd2 Nf6 12.f3 f4 13.g4 fxg3 14.hxg3 c6 15.Be3 h6 16.Kg2 g5
17.Nf2 cxd5 18.cxd5 Ng6 19.Rh1 Rf7 20.a4 Bf8 21.a5 Rh7 22.Nb5 Bd7 23.Nxa7 Ne8
24.a6 bxa6 25.Rxa6 Qf6 26.Nc6 Rxa6 27.Bxa6 h5 28.Nb8 Nc7 29.Nxd7 Rxd7 30.Bc8 Rg7
31.Rxh5 Nf4+ 32.Bxf4 exf4 33.Qd2 Qg6 34.Ng4 Rf7 35.Rh1 Bg7 36.Bf5 Rxf5 37.exf5 Qxf5
38.Rd1 fxg3 39.Kxg3 Nb5 40.Qe2 Qf4+ 41.Kg2  1-0

[Event "Bohemians"]
[Site "Prague"]
[Date "1988.??.??"]
[Round "?"]
[White "Plachetka, Jan"]
[Black "Schmidt, Wlodzimierz"]
[Result "1/2-1/2"]
[WhiteElo "2415"]
[BlackElo "2440"]

1.d4 Nf6 2.c4 g6 3.Nc3 Bg7 4.e4 d6 5.Nf3 O-O 6.Be2 e5 7.O-O Nc6 8.d5 Ne7
9.Bd2 Ne8 10.b4 a6 11.Rc1 f5 12.Ne1 Nf6 13.exf5 Nxf5 14.Bd3 a5 15.bxa5 Rxa5
16.a4 Ra8 17.Ne4 b6 18.a5 bxa5 19.Ra1 Ba6 20.Ra4 Nxe4 21.Bxe4 Qf6 22.Nc2 g5
23.f3 h5 24.Qa1 Rae8 25.Bxa5 Qe7 26.Bd2 Bc8 27.Ra7 Nd4 28.Nxd4 exd4 29.Qb1 g4
30.Bg6 Rd8 31.Re1 Qf6 32.Rxc7 gxf3 33.Ree7 Rd7 34.Rexd7 Bxd7 35.Rxd7 fxg2
36.Bh7+ Kh8 37.Bf5 Qxf5 38.Qxf5 Rxf5 39.Rxd6 d3 40.Kxg2 Bd4 41.Rh6+ Kg7 42.d6 Rf2+
43.Kg3 Rxd2 44.d7 Be5+ 45.Kf3 Bc7 46.Rc6 Bd8 47.Rc8 Bh4 48.d8=Q Bxd8 49.Rxd8  1/2-1/2

[Event "Bohemians"]
[Site "Prague"]
[Date "1988.??.??"]
[Round "?"]
[White "Pekarek, Ales"]
[Black "Schmidt, Wlodzimierz"]
[Result "1/2-1/2"]
[WhiteElo "2440"]
[BlackElo "2440"]

1.d4 Nf6 2.c4 g6 3.Nc3 Bg7 4.e4 d6 5.Be2 O-O 6.Nf3 e5 7.O-O Nc6 8.d5 Ne7
9.Nd2 a5 10.Rb1 c5 11.a3 Ne8 12.b4 axb4 13.axb4 b6 14.bxc5 bxc5 15.Nb3 Kh8
16.Bd2 f5 17.Ra1 Rxa1 18.Qxa1 Ng8 19.Qa8 Nef6 20.exf5 gxf5 21.Qb8 Qd7 22.Qb6 Qe7
23.Na5 Ne4 24.Nxe4 fxe4 25.Be3 Bh6 26.Nc6 Qf6 27.Na7 Bg4 28.Qb2 Bf3 29.Kh1 Bxe3
30.fxe3 Bxg2+ 31.Kxg2 Qg7+ 32.Kh1 Rxf1+ 33.Bxf1 Qxa7 34.Qf2 Qg7 35.Bg2 Qg6
36.Qf8 Qf6 37.Qb8 Kg7 38.h3 Ne7 39.Qc7 Kf7 40.Kh2 Qg5 41.Qxd6 Qg3+ 42.Kh1 Qe1+
43.Kh2 Qg3+ 44.Kh1  1/2-1/2

[Event "Bohemians"]
[Site "Prague"]
[Date "1988.??.??"]
[Round "?"]
[White "Karolyi, Tibor Jr"]
[Black "Vokac, Marek"]
[Result "1/2-1/2"]
[WhiteElo "2475"]
[BlackElo "2410"]

1.d4 Nf6 2.c4 g6 3.Nc3 Bg7 4.e4 d6 5.Nf3 O-O 6.Be2 e5 7.O-O Nc6 8.d5 Ne7
9.Ne1 Nd7 10.Be3 f5 11.f3 f4 12.Bf2 g5 13.Nb5 a6 14.Na7 Rxa7 15.Bxa7 b6 16.b4 Nf6
17.c5 g4 18.Rc1 g3 19.cxb6  1/2-1/2

[Event "Bohemians"]
[Site "Prague"]
[Date "1988.??.??"]
[Round "?"]
[White "Schmidt, Wlodzimierz"]
[Black "Kindermann, Stefan"]
[Result "1/2-1/2"]
[WhiteElo "2440"]
[BlackElo "2500"]

1.Nf3 Nf6 2.c4 g6 3.Nc3 Bg7 4.d4 d6 5.e4 O-O 6.Be2 e5 7.O-O Nc6 8.d5 Ne7
9.Nd2 c5 10.Rb1 Ne8 11.b4 b6 12.bxc5 bxc5 13.Nb3 f5  1/2-1/2

[Event "Salamanca"]
[Site "Salamanca"]
[Date "1988.??.??"]
[Round "7"]
[White "Franco Ocampo, Zenon"]
[Black "Sznapik, Aleksander"]
[Result "0-1"]
[WhiteElo "2425"]
[BlackElo "2480"]

1.Nf3 Nf6 2.c4 g6 3.Nc3 Bg7 4.e4 d6 5.d4 O-O 6.Be2 e5 7.O-O Nc6 8.d5 Ne7
9.Ne1 Nd7 10.Be3 f5 11.f3 f4 12.Bf2 g5 13.Nb5 b6 14.b4 a6 15.Nc3 Ng6 16.Nd3 Rf7
17.a4 Bf8 18.a5 h5 19.h3 Rg7 20.axb6 Nxb6 21.c5 Nc4 22.cxd6 cxd6 23.Nc5 dxc5
24.Bxc4 cxb4 25.Na4 g4 26.Nb6 gxh3  0-1

[Event "Sarajevo"]
[Site "Sarajevo"]
[Date "1988.??.??"]
[Round "?"]
[White "Lalic, Bogdan"]
[Black "Kozul, Zdenko"]
[Result "1/2-1/2"]
[WhiteElo "2495"]
[BlackElo "2470"]

1.d4 Nf6 2.c4 g6 3.Nc3 Bg7 4.e4 d6 5.Nf3 O-O 6.Be2 e5 7.O-O Nc6 8.d5 Ne7
9.Nd2 c5 10.Rb1 Ne8 11.b4 b6 12.bxc5 bxc5 13.Nb3 f5 14.Bg5 Kh8 15.Bxe7 Qxe7
16.Na5 Bh6  1/2-1/2

[Event "Sarajevo"]
[Site "Sarajevo"]
[Date "1988.??.??"]
[Round "?"]
[White "Kozul, Zdenko"]
[Black "Gunawan, Ronny"]
[Result "1-0"]
[WhiteElo "2470"]
[BlackElo "2440"]

1.d4 Nf6 2.Nf3 g6 3.c4 Bg7 4.Nc3 O-O 5.e4 d6 6.Be2 e5 7.O-O Nc6 8.d5 Ne7
9.Ne1 Nd7 10.Nd3 f5 11.Bd2 Nf6 12.f3 f4 13.c5 g5 14.cxd6 cxd6 15.Nf2 Ng6
16.Qc2 Rf7 17.Rfc1 a6 18.a4 h5 19.h3 Bf8 20.a5 g4 21.fxg4 hxg4 22.hxg4 Nh4
23.Na4 Rg7 24.Qd1 f3 25.gxf3  1-0

[Event "DDR-ch (Women)"]
[Site "Stralsund"]
[Date "1988.??.??"]
[Round "4"]
[White "Broeder, Iris"]
[Black "Seidemann, Ulrike"]
[Result "1-0"]
[WhiteElo "2205"]
[BlackElo "2080"]

1.d4 Nf6 2.c4 g6 3.Nc3 Bg7 4.e4 d6 5.Nf3 O-O 6.Be2 e5 7.O-O Nc6 8.d5 Ne7
9.b4 Nh5 10.c5 f5 11.Ng5 Nf4 12.Bc4 fxe4 13.Ngxe4 Kh8 14.a4 Bf5 15.Ra3 Ng8
16.f3 g5 17.Ne2 Qe7 18.N2g3 Bg6 19.Be3 h5 20.Nf2 Nh6 21.Nge4 Nf5 22.g3 Nxe3
23.Rxe3 Bxe4 24.fxe4 g4 25.gxf4 exf4 26.Ree1 Qh4 27.Nh1 Be5 28.Qd2 Rf7 29.Rd1 Raf8
30.c6 b6 31.Rf2 Kh7 32.Bf1 f3 33.Ng3 Bxg3 34.hxg3 Qxg3+ 35.Kh1 Qe5 36.Qd4 Qg5
37.e5 dxe5 38.Qe4+ Qf5 39.Qxf5+ Rxf5 40.Bd3 g3 41.Rxf3  1-0

[Event "DDR-ch (Women)"]
[Site "Stralsund"]
[Date "1988.??.??"]
[Round "11"]
[White "Broeder, Iris"]
[Black "Hamm, Sylvia"]
[Result "1/2-1/2"]
[WhiteElo "2205"]
[BlackElo "2100"]

1.d4 Nf6 2.c4 g6 3.Nc3 Bg7 4.e4 d6 5.Nf3 O-O 6.Be2 e5 7.O-O Nc6 8.d5 Ne7
9.Ne1 Ne8 10.Be3 f5 11.f3 f4 12.Bf2 Nf6 13.c5 g5 14.b4 Ng6 15.a4 Rf7 16.Nb5 Bf8
17.Rc1 g4 18.cxd6 cxd6 19.a5 g3 20.hxg3 Nh5 21.gxf4 exf4 22.Nd3 Qg5 23.Re1 Rg7
24.Bf1 Ng3 25.Rc7 Bd7 26.Rxd7 Rxd7 27.Bxa7 Nh4 28.Qd2 Rf7 29.Qf2 Rg7 30.Bd4 Rf7
31.Rc1 Qh6 32.Qb2 Bg7 33.Nf2 Qg5 34.Nh3 Bxd4+ 35.Nxd4 Qf6 36.Qd2 Rg7 37.Nxf4 Nxe4
38.fxe4 Qxd4+ 39.Qxd4 Nf3+ 40.Kf2 Nxd4 41.Ke3 Nb3 42.Rc4 Rg3+ 43.Kf2 Rg4
44.g3 Nd2 45.Be2 Rg7 46.Rd4 Nb3 47.Rd3 Nc1 48.Rc3 Nxe2 49.Kxe2 Re7  1/2-1/2

[Event "Tbilisi"]
[Site "Tbilisi"]
[Date "1988.??.??"]
[Round "?"]
[White "Kozul, Zdenko"]
[Black "Sznapik, Aleksander"]
[Result "0-1"]
[WhiteElo "2505"]
[BlackElo "2480"]

1.d4 Nf6 2.Nf3 g6 3.c4 Bg7 4.Nc3 O-O 5.e4 d6 6.Be2 e5 7.O-O Nc6 8.d5 Ne7
9.Ne1 Nd7 10.Nd3 f5 11.Bd2 Nf6 12.f3 f4 13.c5 g5 14.cxd6 cxd6 15.Nf2 Ng6
16.Qc2 h5 17.Nb5 Rf7 18.Rfc1 Ne8 19.a4 Nh4 20.h3 Bf8 21.Nxa7 Bd7 22.Nb5 g4
23.fxg4 hxg4 24.hxg4 Rg7 25.Qd1 Be7 26.Ra3 Ng6 27.g5 Bxg5 28.Bg4 Bh4 29.Bxd7 Bxf2+
30.Kxf2 Qxd7 31.Qe2 Nh4 32.Rg1 Nf6 33.Kf1 Rf8 34.g3 Qh3+ 35.Ke1 f3 36.Rxf3 Nxf3+
37.Qxf3 Nh5 38.Qg2 Qxg2 39.Rxg2 Nxg3 40.Rf2 Rxf2 41.Kxf2 Nxe4+ 42.Ke3 Nxd2
43.Kxd2 Rg6 44.a5 Kf8 45.b4 Ke7 46.Nc3 Rg4 47.b5 Rg8  0-1

[Event "Tbilisi"]
[Site "Tbilisi"]
[Date "1988.??.??"]
[Round "?"]
[White "Lukov, Valentin"]
[Black "Sznapik, Aleksander"]
[Result "0-1"]
[WhiteElo "2465"]
[BlackElo "2480"]

1.d4 Nf6 2.c4 g6 3.Nc3 Bg7 4.e4 d6 5.Nf3 O-O 6.Be2 e5 7.O-O Nc6 8.d5 Ne7
9.Nd2 a5 10.Rb1 Nd7 11.a3 f5 12.b4 Kh8 13.f3 Bh6 14.Nb3 Bxc1 15.Rxc1 axb4
16.axb4 Nf6 17.c5 g5 18.Nd2 f4 19.Nb5 g4 20.fxg4 Rg8 21.Bf3 Bxg4 22.Kh1 Bxf3
23.gxf3 Nh5 24.Rg1 Ng3+ 25.hxg3 fxg3 26.Rg2 Ng6 27.Nf1 Qh4+ 28.Rh2 gxh2 29.Rc2 Nf4
30.Nxh2 Nh3  0-1

[Event "Tbilisi"]
[Site "Tbilisi"]
[Date "1988.??.??"]
[Round "?"]
[White "Kozul, Zdenko"]
[Black "Gufeld, Eduard"]
[Result "1-0"]
[WhiteElo "2505"]
[BlackElo "2510"]

1.d4 Nf6 2.Nf3 g6 3.c4 Bg7 4.Nc3 O-O 5.e4 d6 6.Be2 e5 7.O-O Nc6 8.d5 Ne7
9.Ne1 Nd7 10.Nd3 f5 11.Bd2 Nf6 12.f3 Kh8 13.a4 a5 14.g4 c5 15.Rf2 b6 16.h4 Ra7
17.Rh2 Kg8 18.h5 fxg4 19.fxg4 gxh5 20.g5 Ne8 21.Nb5 Rb7 22.Bxh5 Ng6 23.Bg4 Nf4
24.Bxf4 exf4 25.Bxc8 Qxc8 26.Qh5 Be5 27.Kh1 Rg7 28.Rg1 Qd7 29.Nxe5 dxe5 30.g6 Nf6
31.gxh7+ Kh8 32.Rxg7 Qxg7 33.Qxe5 f3 34.Nd6 Ng4 35.Qxg7+ Kxg7 36.h8=Q+ Rxh8
37.Nf5+ Kg8 38.Ne7+ Kg7 39.Rxh8 Kxh8 40.Kg1 Kg7 41.Nc6 Kf6 42.b3 Kg5 43.d6 Kf4
44.Ne7 Ne5 45.Ng6+ Nxg6 46.d7 Kxe4 47.d8=Q Nf4 48.Qxb6 Nd3 49.Qxa5 Ke3 50.Kf1  1-0

[Event "Tel Aviv"]
[Site "Tel Aviv"]
[Date "1988.??.??"]
[Round "?"]
[White "Gruenfeld, Yehuda"]
[Black "Enoshi, Arik"]
[Result "1-0"]
[WhiteElo "2550"]
[BlackElo "2255"]

1.Nf3 Nf6 2.c4 g6 3.Nc3 Bg7 4.e4 d6 5.d4 O-O 6.Be2 e5 7.O-O Nc6 8.d5 Ne7
9.Nd2 c5 10.dxc6 bxc6 11.b4 d5 12.b5 d4 13.Na4 d3 14.Bf3 cxb5 15.cxb5 Bd7
16.Rb1 Rb8 17.Nc3 Qa5 18.Bb2 Bxb5 19.Nb3 Qb6 20.Ba3 Rfe8 21.Nc5 a6 22.Nxb5 axb5
23.Nxd3 Nc6 24.Bc5 Qa5 25.Qb3 Nd7 26.Be3 Nd4 27.Qb2 Nf8 28.Bxd4 exd4 29.Rfc1 Rec8
30.Rxc8 Rxc8 31.Bd1 Rc3 32.Qe2 Ne6 33.Bb3 Qb6 34.g3 Nc5 35.Nxc5 Qxc5 36.Rd1 h6
37.Kg2 Qc6 38.Bd5 Qd7 39.Rd3 Kh7 40.Bb3 f5 41.Rxc3 dxc3 42.e5 Qc6+ 43.Kh3 c2
44.Bxc2 Bxe5 45.Bxf5 gxf5 46.Qxe5 Qd7 47.Qf6 Qd5 48.f4 Qd7 49.Kh4 Qd5 50.a3 Qd7
51.g4 fxg4 52.f5 Qe8 53.Qe6 Qd8+ 54.Kxg4 Qd4+ 55.Kf3 Qd3+ 56.Kf4 Qd2+ 57.Ke4 Qxh2
58.Qd7+ Kg8 59.Qxb5 Qc2+ 60.Qd3 Qa4+ 61.Ke5 Qe8+ 62.Kf4 Qa4+ 63.Kg3 Qc6 64.Qd4 Qc2
65.a4 h5 66.Qd5+ Kf8 67.a5 Qe2 68.Qd6+ Kg8 69.Qg6+ Kf8 70.Qf6+  1-0

[Event "Thessaloniki ol (Men)"]
[Site "Thessaloniki"]
[Date "1988.??.??"]
[Round "1"]
[White "Ljubojevic, Ljubomir"]
[Black "Chinchilla, Eugenio"]
[Result "1-0"]
[WhiteElo "2600"]
[BlackElo "2360"]

1.c4 Nf6 2.Nc3 g6 3.e4 d6 4.d4 Bg7 5.Nf3 O-O 6.Be2 e5 7.O-O Nc6 8.Be3 Ng4
9.Bg5 f6 10.Bc1 Kh8 11.h3 Nh6 12.dxe5 dxe5 13.Be3 Ne7 14.Qxd8 Rxd8 15.Nb5 Rd7
16.Rfd1 c6 17.Nxa7 Nf7 18.Nxc8 Rxd1+ 19.Rxd1 Nxc8 20.Rd7  1-0

[Event "Thessaloniki ol (Men)"]
[Site "Thessaloniki"]
[Date "1988.??.??"]
[Round "3"]
[White "Ipek, Ali"]
[Black "Ferreira, A."]
[Result "1/2-1/2"]
[WhiteElo "2200"]
[BlackElo "2300"]

1.c4 Nf6 2.Nc3 g6 3.e4 d6 4.d4 Bg7 5.Nf3 O-O 6.Be2 e5 7.O-O Nc6 8.d5 Ne7
9.Ne1 Nd7 10.g4 f5 11.f3 Nf6 12.Be3 c6 13.h3 cxd5 14.cxd5 Bd7 15.a4 f4 16.Bf2 g5
17.Qb3 Bc8 18.a5 a6 19.Na4 Nd7 20.Nb6 Nxb6 21.Bxb6 Qe8 22.Rc1 Rf6 23.Rf2 h5
24.Rh2 Rh6 25.Rc7 Bf8 26.Qc2 Ng6 27.b4 Be7 28.Bf2 Kf7 29.Bf1 Kf6 30.Qb2 Bd8
31.Rc2 Bd7 32.Rc1 Qh8 33.Bb6 Be7 34.Rc7 Bc8 35.Rc3 Qh7 36.Rc7 Qh8 37.Rc3 Qf8
38.Qc2 Rh8 39.Qb2 Qe8 40.Qc2 Bd7 41.Rc7 Bc8 42.Kh1  1/2-1/2

[Event "Thessaloniki ol (Men)"]
[Site "Thessaloniki"]
[Date "1988.??.??"]
[Round "4"]
[White "Ricardi, Pablo"]
[Black "Maki, Veijo"]
[Result "0-1"]
[WhiteElo "2405"]
[BlackElo "2375"]

1.d4 Nf6 2.c4 g6 3.Nc3 Bg7 4.e4 d6 5.Be2 O-O 6.Nf3 e5 7.O-O Nc6 8.d5 Ne7
9.Nd2 a5 10.Rb1 Nd7 11.a3 f5 12.b4 Kh8 13.Nb3 axb4 14.axb4 Nf6 15.f3 f4 16.Bd2 g5
17.c5 Rg8 18.Ra1 Rxa1 19.Qxa1 Bf8 20.h3 h5 21.Kf2 Ng6 22.cxd6 Bxd6 23.Nb5 g4
24.Ke1 Nh4 25.hxg4 Nxg2+ 26.Kd1 hxg4 27.Rh1+ Kg7 28.Rg1 Rh8 29.Rxg2 Rh1+
30.Be1 g3 31.Nc5 Bh3 32.Kc2 Qe7 33.Ne6+ Bxe6 34.dxe6 Qxe6 35.Qc3 Qa2+ 36.Kd3 Qb1+
37.Kc4 Qxe1 38.Bd3 Qxc3+ 39.Nxc3 Rc1 40.Kb3 Nh7 41.Ne2 Rd1 42.Bc2 Rf1  0-1

[Event "Thessaloniki ol (Men)"]
[Site "Thessaloniki"]
[Date "1988.??.??"]
[Round "5"]
[White "Rogers, Ian"]
[Black "Sznapik, Aleksander"]
[Result "1-0"]
[WhiteElo "2540"]
[BlackElo "2480"]

1.Nf3 Nf6 2.c4 g6 3.Nc3 Bg7 4.d4 O-O 5.e4 d6 6.Be2 e5 7.O-O Nc6 8.d5 Ne7
9.Ne1 Nd7 10.Nd3 f5 11.Bd2 Nf6 12.f3 f4 13.c5 g5 14.cxd6 cxd6 15.Nf2 Ng6
16.Qc2 h5 17.h3 Rf7 18.Rfc1 a6 19.a4 Bf8 20.a5 g4 21.fxg4 hxg4 22.hxg4 b5
23.axb6 Qxb6 24.Na4 Qa7 25.Ba5 Rb8 26.g5 Nh7 27.Nb6 f3 28.Bxf3 Rxb6 29.Bxb6 Qxb6
30.Qxc8 Nxg5 31.Rxa6 Qe3 32.Ra3 Qb6 33.Qg4 Bh6 34.Rc2 Kh7 35.g3 Rg7 36.Bg2 Rf7
37.Rac3 Ne7 38.Qe2 Rg7 39.Kh2 Kg6 40.Bh3 Rf7 41.Be6 Rf8 42.Kg2 Qd4 43.Qg4 Rb8
44.Rc7 Kf6 45.Qf5+ Nxf5 46.Ng4+ Kg6 47.exf5+  1-0

[Event "Thessaloniki ol (Men)"]
[Site "Thessaloniki"]
[Date "1988.??.??"]
[Round "9"]
[White "Tsorbatzoglou, Theodoros"]
[Black "Belli, Mario"]
[Result "0-1"]
[WhiteElo "2240"]
[BlackElo "2200"]

1.d4 Nf6 2.Nf3 g6 3.c4 Bg7 4.Nc3 O-O 5.e4 d6 6.Be2 e5 7.O-O Nc6 8.d5 Ne7
9.Ne1 Nd7 10.Nd3 f5 11.Bd2 Nf6 12.f3 f4 13.g4 fxg3 14.hxg3 h5 15.Rf2 c6 16.a4 cxd5
17.cxd5 Nh7 18.Nb5 a6 19.Na3 Bf6 20.Nc4 Ng5 21.Rh2 Rb8 22.a5 Nf7 23.Qb3 Bd7
24.Rc1 Bb5 25.Nb6 Nc8 26.Be3 Bg5 27.f4 Bh6 28.Qd1 Qe8 29.Nf2 Nxb6 30.axb6 exf4
31.gxf4 Ne5 32.Bxh5 gxh5 33.Kh1 Ng4 34.Nxg4 Qxe4+ 35.Kg1 hxg4 36.Qxg4+ Bg7  0-1

[Event "Thessaloniki ol (Men)"]
[Site "Thessaloniki"]
[Date "1988.??.??"]
[Round "14"]
[White "Vera, Reynaldo"]
[Black "Georgiev, Krum"]
[Result "0-1"]
[WhiteElo "2455"]
[BlackElo "2505"]

1.d4 Nf6 2.Nf3 g6 3.c4 Bg7 4.Nc3 O-O 5.e4 d6 6.Be2 e5 7.O-O Nc6 8.Be3 Ng4
9.Bg5 f6 10.Bh4 h5 11.h3 Nh6 12.dxe5 dxe5 13.c5 Be6 14.Qa4 Qe8 15.Bc4 g5
16.Bg3 Kh7 17.Bxe6 Qxe6 18.Nd5 Rf7 19.Rad1 Rg8 20.h4 Bf8 21.Qc4 gxh4 22.Bxh4 Qg4
23.Bg3 f5 24.Ne3 Qxe4 25.Qxe4 fxe4 26.Nxe5 Nxe5 27.Bxe5 Rg5 28.Bd4 Bxc5 29.Bxc5 Rxc5
30.Rd4 Re5 31.Nc4 Re6 32.Nd2 Rfe7 33.Re1 e3 34.Rxe3 Rxe3 35.fxe3 Rxe3 36.Rd7+ Kg6
37.Rxc7 Re2 38.Nc4 Ng4 39.Kf1 Rf2+ 40.Kg1 Re2 41.Kf1 Rf2+ 42.Kg1 Kh6 43.Ne3 Rxb2
44.Nxg4+ hxg4 45.Kh2 Rxa2 46.Rxb7 Ra3 47.Rf7 a5 48.Rf8 a4 49.Rg8 Kh5 50.Rg7 Rc3
51.Rg8 a3 52.Rg7 Kh4 53.Rh7+ Kg5 54.Rf7 a2 55.Ra7 Rc2 56.Kg3 Kf5 57.Ra4 Rd2
58.Rf4+ Ke5 59.Ra4 Kd5 60.Ra8 Kc4 61.Kxg4  0-1

[Event "Tirnavia-B"]
[Site "Trnava"]
[Date "1988.??.??"]
[Round "7"]
[White "Pavlovic, Milos"]
[Black "Vokac, Marek"]
[Result "1-0"]
[WhiteElo "2460"]
[BlackElo "2410"]

1.d4 Nf6 2.c4 g6 3.Nc3 Bg7 4.e4 O-O 5.Nf3 d6 6.Be2 e5 7.O-O Nc6 8.d5 Ne7
9.Ne1 Nd7 10.Nd3 f5 11.Bd2 Nf6 12.f3 f4 13.g4 fxg3 14.hxg3 c6 15.a4 a5 16.Be3 Kh8
17.Qd2 cxd5 18.cxd5 Bd7 19.Kg2 Rf7 20.Rh1 Rc8 21.Nf2 h5 22.Ra3 b6 23.Rb3 Rb8
24.Nb5 Nc8 25.Rc3 Kg8 26.Nc7 Bxa4 27.Ne6 Qe8 28.Nh3 Nh7 29.Bh6 Bf6 30.g4 hxg4
31.fxg4 Bd7 32.Nhg5 Bxg5 33.Nxg5 Nxg5 34.Bxg5 Qf8 35.Rch3 Qg7 36.Qe1 Ne7
37.Qh4 Kf8 38.Bh6  1-0

[Event "Candidats (Women)"]
[Site "Tskhaltubo"]
[Date "1988.??.??"]
[Round "?"]
[White "Akhmilovskaya, Elena"]
[Black "Brustman, Agnieszka"]
[Result "1-0"]
[WhiteElo "2400"]
[BlackElo "2395"]

1.d4 Nf6 2.c4 g6 3.Nc3 Bg7 4.e4 d6 5.Nf3 O-O 6.Be2 e5 7.O-O Nc6 8.d5 Ne7
9.Nd2 a5 10.Rb1 c5 11.a3 Ne8 12.b4 axb4 13.axb4 b6 14.bxc5 bxc5 15.Nb3 f5
16.Bg5 Bf6 17.Bd2 Kh8 18.Ra1 Rxa1 19.Qxa1 Ng8 20.Qa8 Bg7 21.Na5 Nef6 22.Nc6 Qd7
23.exf5 Qxf5 24.Qa3 Ne8 25.Nb5 Qf6 26.f4 e4 27.Qe3 Bf5 28.g4 Bd7 29.Qxe4 Qh4
30.Qg2 Qf6 31.Qf3 g5 32.fxg5 Qg6 33.Qxf8 Bxf8 34.Rxf8 Bxc6 35.Bc3+ Ng7 36.dxc6 Qxg5
37.c7 Qe3+ 38.Kf1 Qh3+ 39.Ke1 Qh4+ 40.Kd1  1-0

[Event "URS-ch otbor56"]
[Site "Uzhgorod"]
[Date "1988.??.??"]
[Round "?"]
[White "Gleizerov, Evgeny"]
[Black "Temirbaev, Serik"]
[Result "1/2-1/2"]
[WhiteElo "2405"]
[BlackElo "2375"]

1.d4 Nf6 2.c4 g6 3.Nc3 Bg7 4.e4 d6 5.Nf3 O-O 6.Be2 e5 7.O-O Nc6 8.d5 Ne7
9.Nd2 Nd7 10.b4 f5 11.c5 Nf6 12.a4 fxe4 13.Ndxe4 Nf5 14.Bg5 h6 15.Bxf6 Bxf6
16.Bg4 Bg7 17.b5 Rf7 18.c6 bxc6 19.bxc6 h5 20.Bh3 Ba6 21.Re1 Rb8 22.Rb1 Rxb1
23.Qxb1 Bh6 24.Nb5 Kg7 25.Ng3 Nxg3 26.hxg3 Bd2 27.Re4  1/2-1/2

[Event "URS-ch otbor56"]
[Site "Uzhgorod"]
[Date "1988.??.??"]
[Round "?"]
[White "Hlusevich, S."]
[Black "Arbakov, Valentin"]
[Result "1/2-1/2"]
[WhiteElo "2375"]
[BlackElo "2415"]

1.Nf3 Nf6 2.c4 g6 3.Nc3 Bg7 4.e4 O-O 5.d4 d6 6.Be2 e5 7.O-O Nc6 8.d5 Ne7
9.b4 Ne8 10.Nd2 f5 11.c5 Nf6 12.f3 f4 13.Nc4 g5 14.a4 Ng6 15.Ba3 Rf7 16.b5 Bf8
17.a5 dxc5 18.b6 cxb6 19.axb6 g4 20.fxg4 axb6 21.g5 Ne8 22.Bg4 Qxg5 23.Bxc8 Rxc8
24.Qf3 Rd8 25.Rab1 Nd6 26.Nxb6 Nh4 27.Qh3 f3 28.Qg3 Bh6 29.Bc1 Qxg3 30.hxg3 Bxc1
31.Rbxc1 Nxg2 32.Kf2 Kh8 33.Rcd1 c4 34.Rh1 Rf6 35.Rh5 Re8 36.Rdh1 Re7 37.Rh6 Rxh6
38.Rxh6 Rf7 39.Rxd6 Ne3 40.Rd8+ Kg7 41.Rd7 Ng4+ 42.Kf1 Ne3+  1/2-1/2